| 000 | 01185nam a2200181 a 4500 | ||
|---|---|---|---|
| 001 | 000026216 | ||
| 005 | 20211111132736.0 | ||
| 008 | 110210s1994 pe 000 | spa d | ||
| 040 |
_aDO-SdBNP _bspa _cBNPHU |
||
| 082 |
_axxxx _bK21c |
||
| 100 | 1 |
_aKaufmann, Margarita , _953236 |
|
| 245 | 1 | 0 |
_aComunicación política / _cMargarita Kaufmann. |
| 260 |
_aLima : _bMedios de Comunicación & Democracia, _c1994. |
||
| 300 |
_a123 p. : _bil. ; _c21 cm. |
||
| 505 |
_tPolíticos, comunicadores y democracia / _rMargarita Kaufmann _tMedios de comunicación, política y ciudadanía / _rPablo Halpern _tMedios de comunicación: entre el mercado, la tecnología y la ciudadanía / _rJuan Carlos Latorre Díaz _tLa privatización de la política / _rRicardo Núñez _tPolíticos y comunicadores: entre el compromiso y la autonomía / _rRoberto Pulido _tÉtica, comunicación política / _rGuillermo León Escobar Herran _tLos medios de comunicación en Colombia / _rJavier Darío Restrepo _tEuropa ante la prensa y la política / _rVicente Torrijos _tLas actitudes de la opinión pública en América con relación a la democracia / _rAlfredo Keller |
||
| 700 |
_aSosa, José Rafael _eed. _951507 |
||
| 049 | _aBNPD | ||
| 999 |
_c25708 _d25708 |
||